000 00633nam a2200229Ia 4500
003 OSt
005 20221007063107.0
006 a|||||r|||| 00| 0
007 ta
008 221006b |||||||| |||| 00| 0 eng d
024 _a18,864
037 _cTextual
040 _aFLL
_cFLL
_beng
041 _2eng
_aeng
082 _aZ1,2,93, L6
100 _aSharma S.P. Au.
_9677641
245 0 _aInternational boundary disputes and international law
260 _aBombay
_bN.M. tripathi pvt. ltd. India
_c1976
300 _a323p
_ccm.
942 _hZ1,2,93, L6
_cTEXL
_2CC
999 _c1130346
_d1130346